MARC

LEADER 00000nam0a2200000 4500
001 58806
005 20251218162702.0
035 |a (RuTPU)RU\TPU\book\62124 
090 |a 58806 
100 |a 20031208d1971 m y0rusy50 ca 
101 0 |a rus 
102 |a RU 
105 |a a j 001zy 
200 1 |a Оборудование термических цехов  |e учебник для техникумов  |f С. Л. Рустем 
210 |a Москва  |c Машиностроение  |d 1971 
215 |a 287 с.  |c ил. 
320 |a Библиогр.: с. 284-285. 
606 1 |a Термические цехи  |x Оборудование  |2 stltpush  |3 (RuTPU)RU\TPU\subj\59900  |9 77395 
610 1 |a металлообработка 
610 1 |a термические цеха 
610 1 |a печи-ванны 
610 1 |a механизированные печи 
610 1 |a толкательные печи 
610 1 |a конвейерные печи 
610 1 |a термическая обработка 
610 1 |a химико-термическая обработка 
610 1 |a агрегаты 
610 1 |a нагрев 
610 1 |a охлаждение 
610 1 |a установки 
610 1 |a закалочные машины 
610 1 |a детали 
610 1 |a очистка 
610 1 |a правка 
610 1 |a вспомогательное оборудование 
610 1 |a дефекты 
610 1 |a обнаружение 
610 1 |a приборы 
610 1 |a структура 
610 1 |a твердость 
610 1 |a контроль 
610 1 |a ЭВМ 
610 1 |a учебники 
675 |a 621.78.021(075.32)  |v 3 
700 1 |a Рустем  |b С. Л.  |g Семен Леопольдович 
801 1 |a RU  |b 63413507  |c 20031208  |g PSBO 
801 2 |a RU  |b 63413507  |c 20220629  |g PSBO 
942 |c BK